DC JOJOS QUIZ - Statistics

General Stats
  • This quiz has been taken 28 times
  • The average score is 7 of 9
Answer Stats
Hint Answer % Correct
Part 1 Jonathan
96%
Part 2 Joseph
92%
Part 4 Jotaro
92%
Waifu Speedwagon
88%
Crusader Avdol
85%
Crusader Kakyoin
85%
Crusader Polnareff
85%
Part 3 Josuke
77%
Waifu Lisa
42%
No matching quizzes found
Score Distribution
Percent of People with Each Score
Percentile by Number Answered
Your Score History
You have not taken this quiz